000 00620nam a2200229Ia 4500
003 OSt
005 20220928101803.0
006 a|||||r|||| 00| 0
007 ta
008 220927b |||||||| |||| 00| 0 eng d
024 _a46798
037 _cTextual
040 _aSDCL
_cSDCL
_beng
041 _2eng
_aeng
082 _aO152,1NO7:g(Q225), L6
100 _aMishra Kedar Nath
_9395128
245 0 _aPrabhas krishna.
260 _aDelhi
_bNavabharat Publishnig
_c1976
300 _a127p
_ccm.
942 _hO152,1NO7:g(Q225), L6
_cTEXL
_2CC
999 _c710764
_d710764